000 00626nam a2200265Ia 4500
003 OSt
005 20220912152542.0
006 a|||||r|||| 00| 0
007 ta
008 220909b |||||||| |||| 00| 0 eng d
024 _a41794
037 _cTextual
040 _aCSL
_beng
_cCSL
041 _aeng
082 _aG111:2, L2;1
100 _aBranton D
245 0 _aProtoplasmatologia
260 _c1972
300 _ap.
_ccm.
650 _a Protoplasmatologia
650 _aBiology
700 _a Deamer D W
942 _hG111:2, L2;1
_cTEXL
_2CC
999 _c88492
_d88492